| 000 | 00476nam a22001817a 4500 | ||
|---|---|---|---|
| 005 | 20251114152928.0 | ||
| 008 | 251114b |||||||| |||| 00| 0 eng d | ||
| 037 | _cTB | ||
| 040 |
_aCRL _cCRL |
||
| 084 | _bCRL | ||
| 100 |
_aMurthy, M.C. _9851476 |
||
| 245 | _aBasavanna | ||
| 260 |
_aNew Delhi, India: _bNational book trust, _c1980. |
||
| 300 | _a111p. | ||
| 365 |
_b4.25 _cINR |
||
| 942 |
_2CC _cTB _n0 |
||
| 999 |
_c1465398 _d1465398 |
||